Loading...
| Science - Other | 0 | 7 | 0 | 2 | 70 | 60 | 94.86 | 0 | 3 | 0.00 | 0.00 |
| Philosophy | 0 | 6 | 2 | 1 | 50 | 68 | 96.83 | 2 | 4 | 0.00 | 0.00 |
| Religion | 0 | 5 | 2 | 2 | 40 | 73 | 109.00 | 1 | 2 | 0.00 | 0.00 |
| Literature - European | 0 | 3 | 0 | 1 | 30 | 93 | 110.67 | 0 | 1 | 0.00 | 0.00 |
| Science - Physics | 0 | 3 | 1 | 0 | 25 | 64 | 82.67 | 0 | 2 | 0.00 | 0.00 |
| Mythology | 0 | 3 | 3 | 0 | 15 | 75 | 77.00 | 2 | 3 | 0.00 | 0.00 |
| Social Science | 0 | 1 | 0 | 0 | 10 | 62 | 62.00 | 0 | 1 | 0.00 | 0.00 |
| History - Other | 0 | 1 | 0 | 0 | 10 | 120 | 120.00 | 0 | 0 | 0.00 | 0.00 |
| History - European | 0 | 1 | 0 | 1 | 10 | 133 | 133.00 | 0 | 0 | 0.00 | 0.00 |
| Literature - American | 0 | 1 | 1 | 0 | 5 | 104 | 104.00 | 0 | 0 | 0.00 | 0.00 |
| Literature - British | 0 | 0 | 1 | 0 | -5 | 0.00 | 0 | 0 | 0.00 | 0.00 |